000 02134nam a2200325 a 4500
001 000002720
003 OSt
005 20240229073953.0
007 ta
008 090703e1973 dr er 001 0dspa d
040 _aDO-SdBNP
_bspa
_cBNPHU
082 _aBNPHU -338.097293
_bV422e
100 1 _aVega, Bernardo,
_d1938 -
_93222
245 1 0 _aEvaluación de la política de industrialización de la República Dominicana /
_cBernardo Vega.
260 _aSanto Domingo :
_b[s.n.]
_c1973.
300 _a221 p ;
_c22 cm.
504 _aBibliografía : p. 101-112
505 1 _aAntecedentes, resumen y conclusiones.
505 1 _aCapítulo I - introducción.
505 1 _aCapítulo II - 1- La ley No. 299 sobre incentivos y protección industrial. 2- la ley no. 295 sobre devolución de impuestos cuando se realizan exportaciones. 3- las leyes sobre zonas francas.
505 1 _aCapítulo III : IV- La política de integración económica y de comercio exterior. V- la política de tasa de cambio del país. VI- el arancel de importación y exportación. VII- controles comisarios. VIII- la política Nacional sobre el papel de la inversión extranjera es el país. IX- el papel d la inversión pública en el proceso nacional de industrialización. X- la política normativa y de créditos industriales del país. XI- la orientación de la inversión pública por sectores y prioridades. XII- zonas industriales, zonificación y contaminación ambiental.
505 1 _aCuadros : 1- criterios socio-económicos utilizados en varios mecanismos de evaluación. 2- empresas que han obtenido clasificación "a". 3- empresas que han obtenido clasificación "c".
505 1 _aCuadros. anexos.
590 _aInventariado, 2018/LP
650 4 _aPolítica de industrialización
_98579
651 4 _aRepública Dominicana
_xIndustria
_98578
710 0 _aConsejo Estatal del Azúcar (CEA)
_98580
910 _aValidado. Control de calidad MMOLINA
942 _2ddc
_cLFM
999 _c2555
_d2555